<?xml version="1.0" encoding="UTF-8"?><?xml-stylesheet type="text/xsl" href="static/style.xsl"?><OAI-PMH xmlns="http://www.openarchives.org/OAI/2.0/" xmlns:xsi="http://www.w3.org/2001/XMLSchema-instance" xsi:schemaLocation="http://www.openarchives.org/OAI/2.0/ http://www.openarchives.org/OAI/2.0/OAI-PMH.xsd"><responseDate>2026-06-07T23:41:39Z</responseDate><request verb="GetRecord" identifier="oai:docta.ucm.es:20.500.14352/130351" metadataPrefix="marc">https://docta.ucm.es/rest/oai/request</request><GetRecord><record><header><identifier>oai:docta.ucm.es:20.500.14352/130351</identifier><datestamp>2026-01-16T01:11:29Z</datestamp><setSpec>com_20.500.14352_14</setSpec><setSpec>col_20.500.14352_15</setSpec></header><metadata><record xmlns="http://www.loc.gov/MARC21/slim" xmlns:dcterms="http://purl.org/dc/terms/" xmlns:xsi="http://www.w3.org/2001/XMLSchema-instance" xmlns:doc="http://www.lyncode.com/xoai" xsi:schemaLocation="http://www.loc.gov/MARC21/slim http://www.loc.gov/standards/marcxml/schema/MARC21slim.xsd">
   <leader>00925njm 22002777a 4500</leader>
   <datafield ind2=" " ind1=" " tag="042">
      <subfield code="a">dc</subfield>
   </datafield>
   <datafield ind2=" " ind1=" " tag="720">
      <subfield code="a">Jafarzadeh, Y</subfield>
      <subfield code="e">author</subfield>
   </datafield>
   <datafield ind2=" " ind1=" " tag="720">
      <subfield code="a">García Payo, M. Carmen</subfield>
      <subfield code="e">author</subfield>
   </datafield>
   <datafield ind2=" " ind1=" " tag="720">
      <subfield code="a">Khayet Souhaimi, Mohamed</subfield>
      <subfield code="e">author</subfield>
   </datafield>
   <datafield ind2=" " ind1=" " tag="260">
      <subfield code="c">2026</subfield>
   </datafield>
   <datafield ind2=" " ind1=" " tag="520">
      <subfield code="a">Membrane fouling remains a critical challenge in oily wastewater treatment, limiting the efficiency of conventional polymeric membranes. Graphene oxide (GO) is a promising hydrophilic modifier, but its tendency to restack restricts interlayer spacing and limits antifouling performance. In this work, we present polyethylene glycol (PEG)-functionalized GO nanosheets, with adjustable molecular weights, to effectively expand GO interlayer spacing and enhance the hydrophilicity and antifouling capabilities of aminated chloromethylated polysulfone (AM-CMPSF) membranes. PSF was first chloromethylated and fabricated via non-solvent induced phase separation method, followed by amination using ethylenediamine to form AM-CMPSF membranes. GO nanosheets were synthesized and functionalized with PEG of varying molecular weights, then stacked onto the membrane surface. XRD analysis confirmed that increasing PEG molecular weight broadened interlayer d-spacing between GO nanosheets. The resulting GO-PEG/AM-CMPSF membranes exhibited significantly improved surface hydrophilicity, with rapid water absorption preventing contact angle measurement, and increased water uptake (from 30.6% for the pristine membrane (M0) to 84.6% for GO-PEG20000 (M6)), and pure water flux (from 5.9 to 16.9 L·m−2·h−1). Filtration tests using a 1000 mg·L−1 oil-in-water emulsion revealed enhanced permeate flux and fouling resistance. All membranes maintained high oil rejection (85.6% - 88.1%). Permeate flux decline decreased from 41.2% for M0 to 27.2% for M6, irreversible fouling ratio from 28.6% to 23.0%, and the flux recovery ratio increased from 71.2% to 87.0%. The results demonstrate that PEG-modified GO effectively enhanced membrane hydrophilicity, antifouling behavior, and filtration performance, offering a promising strategy for advanced oily wastewater treatment.</subfield>
   </datafield>
   <datafield ind1="8" ind2=" " tag="024">
      <subfield code="a">Y. Jafarzadeh, C. García-Payo, M. Khayet, Surface-decorated polyethylene glycol-graphene oxide nanohybrids for fouling mitigation in aminated polysulfone membranes treating oily wastewater, Journal of Water Process Engineering, Volume 82, 2026, 109479, ISSN 2214-7144,</subfield>
   </datafield>
   <datafield ind1="8" ind2=" " tag="024">
      <subfield code="a">10.1016/j.jwpe.2026.109479</subfield>
   </datafield>
   <datafield ind1="8" ind2=" " tag="024">
      <subfield code="a">https://hdl.handle.net/20.500.14352/130351</subfield>
   </datafield>
   <datafield ind1="8" ind2=" " tag="024">
      <subfield code="a">2214-7144</subfield>
   </datafield>
   <datafield ind1="8" ind2=" " tag="024">
      <subfield code="a">https://doi.org/10.1016/j.jwpe.2026.109479</subfield>
   </datafield>
   <datafield ind1="8" ind2=" " tag="024">
      <subfield code="a">https://www.sciencedirect.com/science/article/pii/S2214714426000371</subfield>
   </datafield>
   <datafield ind2="0" ind1="0" tag="245">
      <subfield code="a">Surface-decorated polyethylene glycol-graphene oxide nanohybrids for fouling mitigation in aminated polysulfone membranes treating oily wastewater</subfield>
   </datafield>
</record></metadata></record></GetRecord></OAI-PMH>